| 000 | 02031nam a22004697a 4500 | ||
|---|---|---|---|
| 001 | 13230354 | ||
| 003 | OSt | ||
| 005 | 20210422063332.0 | ||
| 008 | 030605s2004 paua b 001 0 eng | ||
| 010 | _a 2003012898 | ||
| 020 | _a1582552703 | ||
| 020 | _a9781582552705 | ||
| 035 | _a(DNLM)101181253 | ||
| 040 |
_aDNLM/DLC _cDLC _deng _beng |
||
| 041 | _aeng | ||
| 042 | _apcc | ||
| 050 | 0 | 0 |
_aRC440 _b.P764 2004 |
| 060 | 1 | 0 |
_aWY 160 _bP97266 2003 |
| 080 |
_a616-08 _bP-96 |
||
| 082 | 0 | 0 |
_a610.73/68 _221 |
| 100 |
_9623 _aDiehl, S. Tracey _eEditor |
||
| 245 | 0 | 0 |
_aPsychiatric nursing made incredibly easy! _c/ by: Lippincott Williams & Wilkins |
| 260 |
_aPhiladelphia : _bLippincott Williams & Wilkins, _cc2004. |
||
| 300 |
_ax, 566 p. : _bill. ; _c24 cm. |
||
| 365 | _b42.95 usd | ||
| 504 | _aIncludes bibliographical references (p. 555) and index. | ||
| 505 | 0 | _aIntroduction to psychiatric nursing -- Disorders of children and adolescents -- Disorders of the elderly -- Schizophrenic disorders -- Mood disorders -- Anxiety disorders -- Somatoform disorders -- Dissociative disorders -- Personality disorders -- Eating disorders -- Substance abuse disorders -- Sleep disorders -- Sexual disorders. | |
| 650 | 0 | _aPsychiatric nursing. | |
| 650 | 0 |
_aPatient Care _9285 |
|
| 650 | 1 | 2 |
_aPsychiatric Nursing _xmethods. |
| 650 | 2 | 2 |
_aMental Disorders _xdiagnosis. |
| 650 | 2 | 2 |
_aMental Disorders _xtherapy. |
| 653 | _aპაციენტის მოვლა | ||
| 653 | _aფსიქიატრიული პაციენტის მოვლა | ||
| 700 |
_9624 _aGoldberg, Kathy _eEditor |
||
| 710 | 2 | _aLippincott Williams & Wilkins. | |
| 856 | 4 | 1 |
_3Table of contents _uhttp://www.loc.gov/catdir/toc/ecip045/2003012898.html |
| 856 | 4 | 2 |
_3Publisher description _uhttp://www.loc.gov/catdir/enhancements/fy0712/2003012898-d.html |
| 906 |
_a7 _bcbc _corignew _d1 _eecip _f20 _gy-gencatlg |
||
| 942 |
_2udc _cBK |
||
| 999 |
_c824 _d824 |
||